000 00973nac a22003257a 4500
001 BR9510004
003 BR-BrBNA
005 20240105121726.0
008 230509b bl.|||m| |||| 00| 0 por d
040 _aBR-BrBNA
_bpor
_cBiblioteca Nacional de Agricultura
072 _aF01
090 _a1126 BR9510004
100 1 _aCunha, G.A.P. da
100 1 _aMatos, A.P. de
100 1 _aSouza, L.F. da S.
100 1 _aReinhardt, D.H.R.C.
100 1 _aCabral, J.R.S.
110 1 _aEmpresa Brasileira de Pesquisa Agropecuaria, Brasilia, DF (Brasil). Servico de Producao de Informacao
_93866
245 1 _aA cultura do abacaxi
260 3 _aBrasilia, DF (Brasil):
_c1994.
300 _a79 p.
490 _aColecao Plantar (Brazil)
_vno. 12
_x
650 _aAbacaxi
650 _aPratica Cultural
650 _aDoenca de Planta
650 _aPraga de Planta
650 _aVariedade
909 _a202312
_bLúcia Elande
_c55
_dLúcia Elande
942 _2AGRIS
_n0
_cMS
999 _c287071
_d287071